[Event "Werfen op-B"]
[Site "Werfen"]
[Date "1994.??.??"]
[Round "3"]
[White "Ramoser, Mario"]
[Black "Huber, Josef"]
[Result "0-1"]
[WhiteElo "1880"]
[BlackElo "1760"]
[PlyCount "42"]
[EventDate "1994.08.??"]
[EventType "swiss"]
[EventRounds "9"]
[EventCountry "AUT"]
[SourceTitle "EXT 2000"]
[Source "ChessBase"]
[SourceDate "1999.11.16"]
[SourceVersion "1"]
[SourceVersionDate "1999.11.16"]
[SourceQuality "1"]

1. e4 e6 2. d4 d5 3. Nd2 c5 4. exd5 exd5 5. dxc5 Bxc5 6. Nb3 Bb6 7. Bb5+ Nc6 8. Ne2 Nge7 9. Ned4 0-0 10. 0-0 a6 11. Be2 Qd6 12. Bf3 Ne5 13. Be2 N7g6 14. Be3 Nc4 15. Bc1 Re8 16. Nf3 Bg4 17. Bxc4 Bxf3 18. gxf3 Bc7 19. f4 Nxf4 20. Bxf4 Qxf4 21. Qh5 dxc4 0-1

[Event "Werfen op-B"]
[Site "Werfen"]
[Date "1994.??.??"]
[Round "1"]
[White "Ramoser, Mario"]
[Black "Theiss, Max"]
[Result "1-0"]
[WhiteElo "1880"]
[BlackElo "1605"]
[PlyCount "63"]
[EventDate "1994.08.??"]
[EventType "swiss"]
[EventRounds "9"]
[EventCountry "AUT"]
[SourceTitle "EXT 2000"]
[Source "ChessBase"]
[SourceDate "1999.11.16"]
[SourceVersion "1"]
[SourceVersionDate "1999.11.16"]
[SourceQuality "1"]

1. e4 c5 2. Nf3 e6 3. c4 d6 4. d4 cxd4 5. Nxd4 Nf6 6. Nc3 Nc6 7. Be3 a6 8. Be2 Be7 9. 0-0 0-0 10. f4 d5 11. e5 Ne4 12. Nxe4 dxe4 13. Nxc6 bxc6 14. Qc2 f5 15. exf6 Bxf6 16. Rad1 Qa5 17. b3 e5 18. Qxe4 exf4 19. Rxf4 Qxa2 20. Bc5 Bf5 21. Rxf5 Rfe8 22. Qxc6 Qxe2 23. Qd5+ Kh8 24. Rf2 Qg4 25. Qf3 Qe6 26. Rd6 Qe5 27. Qd5 Qe1+ 28. Rf1 Qc3 29. Rdxf6 gxf6 30. Bd4 Re5 31. Qxa8+ Kg7 32. Bxc3 1-0